[Event "CAN-op U1800"]
[Site "Sault Ste Marie CAN"]
[Date "2017.07.15"]
[Round "8.38"]
[White "Bui, Alan"]
[Black "Sadler, Craig"]
[Result "1-0"]
[WhiteElo "1716"]
[BlackElo "1642"]
[WhiteFideId "-1"]
[WhiteFideId "-1"]
[PlyCount "63"]
[GameId "2160767908344189"]
[EventDate "2017.07.08"]
[EventType "swiss"]
[EventRounds "9"]
[EventCountry "CAN"]
[SourceTitle "hb 2017"]

1. d4 Nf6 2. Nf3 g6 3. c4 Bg7 4. Nc3 d5 5. cxd5 Nxd5 6. e4 Nxc3 7. bxc3 c5 8. Be2 Nc6 9. Bb2 Bg4 10. Qa4 O-O 11. d5 Bxf3 12. Bxf3 Ne5 13. Be2 Qd6 14. O-O e6 15. f4 Nd7 16. Rad1 Nb6 17. Qc2 exd5 18. exd5 Rae8 19. c4 Re7 20. Bxg7 Kxg7 21. f5 Re5 22. Rf2 Nd7 23. Rdf1 Nf6 24. fxg6 fxg6 25. Qb2 Kh6 26. Qxb7 Rxe2 27. Rxe2 Ng4 28. g3 Rxf1+ 29. Kxf1 Qf6+ 30. Kg2 Qd4 31. Qb3 Ne5 32. Qe3+ 1-0

[Event "CAN-op U1800"]
[Site "Sault Ste Marie CAN"]
[Date "2017.07.15"]
[Round "8.39"]
[White "Konovalenko, Nicholas"]
[Black "Xie, Austin"]
[Result "1-0"]
[WhiteElo "1706"]
[BlackElo "1348"]
[WhiteFideId "-1"]
[WhiteFideId "-1"]
[PlyCount "129"]
[GameId "2160767908344190"]
[EventDate "2017.07.08"]
[EventType "swiss"]
[EventRounds "9"]
[EventCountry "CAN"]
[SourceTitle "hb 2017"]

1. d4 d5 2. c4 e6 3. Nc3 Nf6 4. cxd5 exd5 5. Bg5 Nbd7 6. Nxd5 Nxd5 7. Bxd8 Bb4+ 8. Qd2 Bxd2+ 9. Kxd2 Kxd8 10. e4 Ne7 11. Bc4 f6 12. Ne2 Nb6 13. Bb3 c6 14. Rad1 Kc7 15. f3 Bd7 16. g4 Rad8 17. Ke3 Bc8 18. h4 h6 19. Ng3 g6 20. Ne2 f5 21. gxf5 gxf5 22. Rhg1 fxe4 23. fxe4 Kb8 24. Rdf1 Rhf8 25. Rxf8 Rxf8 26. Rg7 Re8 27. Kf3 h5 28. Ng3 Bg4+ 29. Kf4 Rf8+ 30. Kg5 Nbc8 31. Nxh5 Bf3 32. Nf6 Rd8 33. Kf4 Be2 34. Ke3 Ba6 35. h5 Rh8 36. Kf4 Be2 37. Kg5 Kc7 38. h6 Kd8 39. h7 Nd6 40. Kf4 Ne8 41. Nxe8 Kxe8 42. Rg8+ Nxg8 43. hxg8=Q+ Rxg8 44. Bxg8 Ke7 45. Ke5 Bd3 46. b4 b6 47. a4 a6 48. d5 cxd5 49. Bxd5 a5 50. bxa5 bxa5 51. Bb3 Kd7 52. Kd4 Be2 53. Kc5 Bf3 54. Bc2 Kc7 55. Kb5 Kb7 56. Kxa5 Kc6 57. Kb4 Be2 58. Kc3 Kb6 59. Kd4 Bh5 60. Kd5 Bf3 61. Kd6 Ka5 62. e5 Bh5 63. e6 Bg4 64. e7 Bh5 65. Kd7 1-0

[Event "CAN-op U1800"]
[Site "Sault Ste Marie CAN"]
[Date "2017.07.15"]
[Round "8.40"]
[White "Piche, Jeremie"]
[Black "Makarczyk, David"]
[Result "1/2-1/2"]
[WhiteElo "1686"]
[BlackElo "1414"]
[WhiteFideId "-1"]
[WhiteFideId "-1"]
[PlyCount "50"]
[GameId "2160767908344191"]
[EventDate "2017.07.08"]
[EventType "swiss"]
[EventRounds "9"]
[EventCountry "CAN"]
[SourceTitle "hb 2017"]

1. e4 c5 2. Nf3 Nc6 3. d3 e6 4. Nbd2 d5 5. g3 Nf6 6. Bg2 dxe4 7. dxe4 e5 8. O-O Bg4 9. c3 Be7 10. Qc2 O-O 11. Nh4 Be2 12. Re1 Bd3 13. Qd1 Qb6 14. Nf5 Rad8 15. Qf3 c4 16. Nxe7+ Nxe7 17. Bf1 Qc6 18. Bxd3 Rxd3 19. Re3 Rfd8 20. Rxd3 Rxd3 21. Qe2 Nc8 22. b3 Rxc3 23. Nxc4 Qxe4 24. Qxe4 Nxe4 25. Nxe5 Nb6 1/2-1/2

[Event "CAN-op U1800"]
[Site "Sault Ste Marie CAN"]
[Date "2017.07.15"]
[Round "8.41"]
[White "Faust, Steven"]
[Black "Sharma, Vishruth"]
[Result "1/2-1/2"]
[WhiteElo "1602"]
[BlackElo "1719"]
[WhiteFideId "-1"]
[WhiteFideId "-1"]
[PlyCount "59"]
[GameId "2160767908344192"]
[EventDate "2017.07.08"]
[EventType "swiss"]
[EventRounds "9"]
[EventCountry "CAN"]
[SourceTitle "hb 2017"]

1. Nf3 c5 2. c4 Nf6 3. Nc3 e6 4. e4 d6 5. Be2 Be7 6. O-O O-O 7. d4 cxd4 8. Nxd4 Nc6 9. Be3 a6 10. a3 Qc7 11. Rc1 Bd7 12. h3 Rac8 13. f4 Nxd4 14. Bxd4 Bc6 15. Bf3 Qb8 16. Qe2 Rfd8 17. e5 dxe5 18. Bxe5 Qa7+ 19. Kh1 Bxf3 20. Rxf3 Nd7 21. Rcf1 f6 22. Bd6 Bxd6 23. Qxe6+ Kh8 24. Qxd6 Ne5 25. fxe5 Rxd6 26. exd6 Qc5 27. Rd1 Rd8 28. d7 Qxc4 29. Rfd3 Qc6 30. Rd6 1/2-1/2

[Event "CAN-op U1800"]
[Site "Sault Ste Marie CAN"]
[Date "2017.07.15"]
[Round "8.42"]
[White "Gillanders, Robert"]
[Black "Armstrong, Robert J"]
[Result "1-0"]
[WhiteElo "1771"]
[BlackElo "1503"]
[WhiteFideId "-1"]
[WhiteFideId "-1"]
[PlyCount "120"]
[GameId "2160767908344193"]
[EventDate "2017.07.08"]
[EventType "swiss"]
[EventRounds "9"]
[EventCountry "CAN"]
[SourceTitle "hb 2017"]

1. d4 g6 2. c4 Bg7 3. Nf3 c5 4. d5 Qa5+ 5. Bd2 Qb6 6. Bc3 Nf6 7. Qc2 O-O 8. Nbd2 Na6 9. a3 d6 10. e4 Bg4 11. Bd3 Bxf3 12. Nxf3 Ng4 13. Bxg7 Kxg7 14. O-O e5 15. Rae1 Qd8 16. h3 Nf6 17. Qd2 h6 18. Kh2 Nc7 19. Ng1 g5 20. Ne2 Rg8 21. Ng3 Nce8 22. Nf5+ Kh7 23. g3 Ng7 24. f4 Nxf5 25. exf5 e4 26. Bxe4 Nxe4 27. Rxe4 Qf6 28. g4 Rae8 29. Rfe1 Rxe4 30. Rxe4 Rh8 31. fxg5 hxg5 32. Qc3 Kg7 33. Qxf6+ Kxf6 34. Kg3 a5 35. Re3 a4 36. b3 axb3 37. Rxb3 Ra8 38. h4 gxh4+ 39. Kxh4 Ke5 40. Kg3 f6 41. Re3+ Kd4 42. Re6 Rxa3+ 43. Kf4 Ra1 44. Rxf6 Rf1+ 45. Kg5 Kxc4 46. Rxd6 b5 47. Rd8 b4 48. d6 b3 49. Rb8 Rd1 50. Rb6 Kc3 51. f6 Rd5+ 52. Kg6 b2 53. Kf7 Kc2 54. Ke6 Rd1 55. d7 c4 56. f7 Re1+ 57. Kd5 c3 58. f8=Q Kb1 59. Qa3 Rd1+ 60. Kc6 Kc1 1-0

[Event "CAN-op U1800"]
[Site "Sault Ste Marie CAN"]
[Date "2017.07.15"]
[Round "8.43"]
[White "Kilroy, Evan"]
[Black "Inkpen, Wane"]
[Result "1/2-1/2"]
[WhiteElo "1592"]
[BlackElo "1696"]
[WhiteFideId "-1"]
[WhiteFideId "-1"]
[PlyCount "47"]
[GameId "2160767908344194"]
[EventDate "2017.07.08"]
[EventType "swiss"]
[EventRounds "9"]
[EventCountry "CAN"]
[SourceTitle "hb 2017"]

1. e4 d5 2. exd5 Qxd5 3. Nc3 Qd6 4. Nf3 Nf6 5. d4 c6 6. Be2 Bg4 7. O-O e6 8. Bg5 Nbd7 9. Bh4 Qc7 10. Ne5 Bxe2 11. Qxe2 Bd6 12. f4 O-O 13. Kh1 b5 14. Ne4 Nxe4 15. Qxe4 Bxe5 16. fxe5 c5 17. Be7 cxd4 18. Bxf8 Rxf8 19. Rf4 Nc5 20. Qf3 Nd7 21. Qh5 Qxc2 22. Raf1 Qg6 23. Qxg6 hxg6 24. Re1 1/2-1/2

[Event "CAN-op U1800"]
[Site "Sault Ste Marie CAN"]
[Date "2017.07.15"]
[Round "8.44"]
[White "Essery, Richard"]
[Black "MacInnis, Jamie"]
[Result "1/2-1/2"]
[WhiteElo "1630"]
[BlackElo "1691"]
[WhiteFideId "-1"]
[WhiteFideId "-1"]
[PlyCount "154"]
[GameId "2160767908344195"]
[EventDate "2017.07.08"]
[EventType "swiss"]
[EventRounds "9"]
[EventCountry "CAN"]
[SourceTitle "hb 2017"]

1. d4 Nf6 2. Nf3 g6 3. c3 Bg7 4. Bg5 Ne4 5. Bh4 c5 6. e3 d6 7. Bd3 Nf6 8. Nbd2 O-O 9. Qe2 a6 10. dxc5 dxc5 11. Ne5 Qc7 12. Ndf3 Nc6 13. Nxc6 Qxc6 14. h3 Nd5 15. O-O Re8 16. Bg3 e5 17. Qc2 Bd7 18. Rad1 Qc7 19. Ng5 Bc6 20. Bc4 Qe7 21. Nxf7 Kxf7 22. e4 Kf8 23. exd5 Bd7 24. Rfe1 Bf5 25. Qe2 b5 26. Bd3 Rad8 27. c4 e4 28. Qd2 Qf6 29. Be2 b4 30. Bc7 Rd7 31. d6 Qxb2 32. Qxb2 Bxb2 33. g4 Be6 34. Bf1 Bg8 35. g5 Bd4 36. h4 Rf7 37. Re2 Rd7 38. Bh3 Be6 39. Bxe6 Rxe6 40. Rxd4 cxd4 41. c5 Rxc7 42. dxc7 Rc6 43. Rxe4 Rxc5 44. Rxd4 Rxc7 45. Rxb4 Kg7 46. a4 h6 47. f4 hxg5 48. hxg5 a5 49. Rd4 Kf7 50. Kg2 Ke6 51. Kf3 Rc3+ 52. Kg4 Re3 53. Rc4 Ra3 54. Re4+ Kf7 55. f5 gxf5+ 56. Kxf5 Rf3+ 57. Rf4 Rxf4+ 58. Kxf4 Kg6 59. Kg4 Kg7 60. Kf5 Kf7 61. g6+ Kg7 62. Kg5 Kg8 63. Kf6 Kf8 64. Ke6 Kg7 65. Kf5 Kg8 66. Ke5 Kg7 67. Kf5 Kg8 68. Ke4 Kg7 69. Kd4 Kxg6 70. Kc5 Kf6 71. Kb5 Ke7 72. Kxa5 Kd7 73. Kb6 Kc8 74. Ka7 Kc7 75. a5 Kc8 76. a6 Kc7 77. Ka8 Kc8 1/2-1/2

[Event "CAN-op U1800"]
[Site "Sault Ste Marie CAN"]
[Date "2017.07.15"]
[Round "8.45"]
[White "Clarke, Brian"]
[Black "Sadler, Kirk"]
[Result "1-0"]
[WhiteElo "1690"]
[BlackElo "1422"]
[WhiteFideId "-1"]
[WhiteFideId "-1"]
[PlyCount "24"]
[GameId "2160767908344196"]
[EventDate "2017.07.08"]
[EventType "swiss"]
[EventRounds "9"]
[EventCountry "CAN"]
[SourceTitle "hb 2017"]

1. d4 e6 2. Bf4 Nf6 3. Nf3 c5 4. e3 cxd4 5. exd4 d5 6. c3 Bd6 7. Bg3 O-O 8. Nbd2 Bxg3 9. hxg3 Nc6 10. Qc2 b6 11. O-O-O Bd7 12. Ne5 Nxd4 1-0

[Event "CAN-op U1800"]
[Site "Sault Ste Marie CAN"]
[Date "2017.07.15"]
[Round "8.46"]
[White "Benggawan, Undriadi"]
[Black "Toussaint, Claude"]
[Result "0-1"]
[WhiteElo "1639"]
[BlackElo "1516"]
[WhiteFideId "-1"]
[WhiteFideId "-1"]
[PlyCount "74"]
[GameId "2160767908344197"]
[EventDate "2017.07.08"]
[EventType "swiss"]
[EventRounds "9"]
[EventCountry "CAN"]
[SourceTitle "hb 2017"]

1. d4 Nf6 2. Bg5 e6 3. e4 d6 4. Nd2 Be7 5. Ngf3 O-O 6. Bd3 h6 7. Bxf6 Bxf6 8. b4 Nc6 9. c3 a6 10. h4 e5 11. d5 Ne7 12. h5 Bg4 13. Nc4 Re8 14. Ne3 Qd7 15. Be2 Bxf3 16. Bxf3 c6 17. c4 cxd5 18. cxd5 Qc7 19. Rc1 Qb6 20. Qb3 Rac8 21. O-O Bg5 22. Nc4 Qd8 23. Rc2 b5 24. Na5 Qb6 25. Bg4 Rxc2 26. Qxc2 Qd4 27. a3 Nxd5 28. exd5 Qxg4 29. Qc6 Qc8 30. Qxd6 e4 31. Nc6 e3 32. fxe3 Bxe3+ 33. Kh1 Qg4 34. Ne7+ Rxe7 35. Rf3 Qxh5+ 36. Rh3 Qe5 37. Qxa6 Qa1+ 0-1

[Event "CAN-op U1800"]
[Site "Sault Ste Marie CAN"]
[Date "2017.07.15"]
[Round "8.47"]
[White "McGilly, Craig"]
[Black "Jones, Avery"]
[Result "0-1"]
[WhiteElo "1524"]
[BlackElo "1392"]
[WhiteFideId "-1"]
[WhiteFideId "-1"]
[PlyCount "143"]
[GameId "2160767908344198"]
[EventDate "2017.07.08"]
[EventType "swiss"]
[EventRounds "9"]
[EventCountry "CAN"]
[SourceTitle "hb 2017"]

1. b4 d5 2. a3 e5 3. d3 Bd6 4. Bb2 Nf6 5. Nd2 O-O 6. e4 c6 7. Ngf3 Re8 8. Be2 Bg4 9. h3 Bc8 10. Nh2 b6 11. Bf3 Bb7 12. Ng4 Nbd7 13. Ne3 g6 14. c3 Rb8 15. Qc2 Bf8 16. O-O Bg7 17. Rfe1 Rc8 18. Qb3 Ba8 19. Nef1 b5 20. Rad1 Nb6 21. Ng3 Qc7 22. Ndf1 a6 23. Ne3 Rcd8 24. Ng4 Nxg4 25. Bxg4 Na4 26. Ba1 Nb6 27. Bf3 c5 28. bxc5 Qxc5 29. Re2 Bb7 30. Qb4 Qxb4 31. cxb4 d4 32. Rc1 Rc8 33. Rec2 Bh6 34. Rxc8 Rxc8 35. Rxc8+ Bxc8 36. Ne2 Na4 37. g4 Be6 38. Ng3 Bc1 39. Bd1 Bxa3 40. Ne2 Nb6 41. Kg2 Bxb4 42. g5 Bd2 43. h4 Bg4 44. f3 Be6 45. Bb2 a5 46. Kg3 b4 47. f4 Bc3 48. Bxc3 exf4+ 49. Kxf4 dxc3 50. Nd4 Bd7 51. Bb3 a4 52. Ba2 b3 53. Bxb3 axb3 54. Nxb3 Ba4 55. Nc1 Kf8 56. Ke5 Ke7 57. Kd4 c2 58. Kc5 Na8 59. e5 Ke6 60. d4 Nc7 61. Kc4 Nd5 62. Kc5 Ne3 63. Kb4 Bd7 64. Kc5 Kf5 65. Kd6 Be6 66. Nd3 Ng2 67. Ke7 Nxh4 68. Kf8 Kxg5 69. Kg7 h5 70. Kh8 Nf3 71. d5 Bxd5 72. Nc1 0-1

[Event "CAN-op U1800"]
[Site "Sault Ste Marie CAN"]
[Date "2017.07.15"]
[Round "8.48"]
[White "Thomson, Bruce"]
[Black "Vo, Andy"]
[Result "1-0"]
[WhiteElo "1371"]
[BlackElo "1512"]
[WhiteFideId "-1"]
[WhiteFideId "-1"]
[PlyCount "101"]
[GameId "2160767908344199"]
[EventDate "2017.07.08"]
[EventType "swiss"]
[EventRounds "9"]
[EventCountry "CAN"]
[SourceTitle "hb 2017"]

1. d4 Nf6 2. c4 e6 3. Nc3 Bb4 4. Qc2 O-O 5. a3 Bxc3+ 6. Qxc3 b6 7. Nf3 Bb7 8. g3 d5 9. Bg2 Nbd7 10. O-O c5 11. Bg5 h6 12. Bxf6 Qxf6 13. Rfd1 Rac8 14. cxd5 exd5 15. Rac1 Rfd8 16. Bh3 Rc7 17. Bxd7 Rdxd7 18. dxc5 Qxc3 19. Rxc3 bxc5 20. Rdc1 Re7 21. e3 d4 22. Nxd4 Red7 23. Rxc5 Rxc5 24. Rxc5 Kf8 25. b4 Ke7 26. h3 g6 27. Nc6+ Bxc6 28. Rxc6 Rd6 29. Rc5 Ra6 30. Rc3 Kd6 31. Kg2 Kd5 32. f3 Rc6 33. e4+ Kd6 34. Rd3+ Ke7 35. f4 Rc2+ 36. Kf3 Rh2 37. h4 h5 38. Rc3 Kd8 39. Ke3 Rg2 40. Kd4 Rd2+ 41. Rd3 Rc2 42. Rc3 Rd2+ 43. Kc4 Kc7 44. Kb5+ Kb7 45. Ka5 Rd6 46. b5 Rd4 47. e5 Re4 48. Rd3 Kc7 49. a4 Rc4 50. Rb3 Kb7 51. Re3 1-0

[Event "CAN-op U1800"]
[Site "Sault Ste Marie CAN"]
[Date "2017.07.15"]
[Round "8.49"]
[White "Sztuka, Jeremy"]
[Black "Piche, Zachary"]
[Result "1/2-1/2"]
[WhiteElo "1526"]
[BlackElo "1456"]
[WhiteFideId "-1"]
[WhiteFideId "-1"]
[PlyCount "52"]
[GameId "2160767908344200"]
[EventDate "2017.07.08"]
[EventType "swiss"]
[EventRounds "9"]
[EventCountry "CAN"]
[SourceTitle "hb 2017"]

1. b3 Nf6 2. Bb2 g6 3. e3 Bg7 4. f4 d5 5. Nf3 O-O 6. Be2 Bf5 7. O-O c5 8. d4 cxd4 9. Nxd4 Be4 10. Nd2 Nc6 11. Nxc6 bxc6 12. Nxe4 Nxe4 13. Bxg7 Kxg7 14. c4 Qb6 15. Qd4+ Qxd4 16. exd4 e6 17. c5 a5 18. Bd3 f5 19. Rac1 Rfb8 20. Bxe4 dxe4 21. Rc4 Rd8 22. Kf2 h6 23. Ke3 Kf6 24. g3 g5 25. Rb1 Kg6 26. h3 Kf6 1/2-1/2

[Event "CAN-op U1800"]
[Site "Sault Ste Marie CAN"]
[Date "2017.07.16"]
[Round "9.33"]
[White "Dagan, Alfred"]
[Black "Orozco, Joey"]
[Result "1/2-1/2"]
[WhiteElo "1727"]
[BlackElo "1740"]
[WhiteFideId "-1"]
[WhiteFideId "-1"]
[PlyCount "61"]
[GameId "2160767908344201"]
[EventDate "2017.07.08"]
[EventType "swiss"]
[EventRounds "9"]
[EventCountry "CAN"]
[SourceTitle "hb 2017"]

1. e4 e6 2. d4 d5 3. Nc3 Nf6 4. e5 Nfd7 5. f4 c5 6. Be3 Be7 7. Nf3 O-O 8. Be2 Nc6 9. Qd2 f6 10. O-O-O cxd4 11. Nxd4 Nxd4 12. Bxd4 fxe5 13. fxe5 Bg5 14. Be3 Bxe3 15. Qxe3 Qc7 16. Rhe1 Qxe5 17. Qh3 Nf6 18. Kb1 Qg5 19. g3 a6 20. Qg2 Ng4 21. h4 Ne3 22. Qg1 Qh6 23. Rd3 Nc4 24. Qd4 Qf6 25. Qc5 Qf2 26. Qxf2 Rxf2 27. Bg4 Kf7 28. Na4 Rb8 29. Nc5 Rf6 30. b3 b6 31. Na4 1/2-1/2

[Event "CAN-op U1800"]
[Site "Sault Ste Marie CAN"]
[Date "2017.07.16"]
[Round "9.34"]
[White "Zhao, Jeffrey Renfei"]
[Black "Itkin, Victor"]
[Result "0-1"]
[WhiteElo "1525"]
[BlackElo "1761"]
[WhiteFideId "-1"]
[WhiteFideId "-1"]
[PlyCount "74"]
[GameId "2160767908344202"]
[EventDate "2017.07.08"]
[EventType "swiss"]
[EventRounds "9"]
[EventCountry "CAN"]
[SourceTitle "hb 2017"]

1. e4 c5 2. Nf3 e6 3. d4 cxd4 4. Nxd4 Nf6 5. Nc3 Qb6 6. a3 Bc5 7. Be3 Nc6 8. b4 Bxd4 9. Na4 Bxa1 10. Bxb6 axb6 11. Nxb6 Bc3+ 12. Ke2 Rb8 13. b5 Ne7 14. Qd6 Ba5 15. Qxb8 Bxb6 16. f3 d5 17. Qg3 O-O 18. Qd6 Bd8 19. e5 Nd7 20. Kd2 Nf5 21. Qb4 Nxe5 22. Qc3 Bf6 23. Qb3 Nd6 24. a4 Rd8 25. Be2 Nec4+ 26. Ke1 Bd4 27. Bd3 b6 28. c3 Bc5 29. Qc2 g6 30. h4 e5 31. h5 Bf5 32. Bxf5 Nxf5 33. g4 Nfe3 34. Qh2 g5 35. Qa2 d4 36. Rh2 dxc3 37. Qb3 Rd2 0-1

[Event "CAN-op U1800"]
[Site "Sault Ste Marie CAN"]
[Date "2017.07.16"]
[Round "9.35"]
[White "Supsup, Ferdinand"]
[Black "Kuttner, Amos"]
[Result "*"]
[Annotator ",Microsoft"]
[WhiteElo "1739"]
[BlackElo "1706"]
[WhiteFideId "-1"]
[WhiteFideId "-1"]
[PlyCount "138"]
[GameId "2160767739837711"]
[EventDate "2017.07.08"]
[EventType "swiss"]
[EventRounds "9"]
[EventCountry "CAN"]
[SourceTitle "hb 2017"]

1. e4 e5 2. Nf3 Nc6 3. d4 exd4 4. Bc4 Be7 5. c3 d6 6. cxd4 Nf6 7. Nc3 O-O 8. O-O Bg4 9. Be3 a6 10. Bb3 b5 11. Bc2 Re8 12. a3 Na5 13. h3 Bh5 14. Re1 h6 15. Qe2 Nc6 16. Rad1 Nh7 17. Nd5 Bg5 18. Nf4 Bxf4 19. Bxf4 Qf6 20. Be3 Ng5 21. Bxg5 hxg5 22. Qe3 g4 23. hxg4 Bxg4 24. Rd2 Bxf3 25. gxf3 Qg6+ 26. Kf1 Qh5 27. Ke2 Na5 28. b3 c5 29. Rg1 Nc6 30. dxc5 dxc5 31. Rg5 Nd4+ 32. Kd3 Qxf3 33. Rxc5 Qxe3+ 34. Kxe3 Nxc2+ 35. Rcxc2 Re6 36. Rd5 Rae8 37. f3 g6 38. Kd4 Kg7 39. Rc7 Rf6 40. Ke3 Rh8 41. Rd2 Rh3 42. Rf2 Rh1 43. b4 Ra1 44. Rc3 Re1+ 45. Kd2 Rg1 46. Ke3 Rd1 47. e5 Re6 48. f4 Re1+ 49. Kd4 Rd1+ 50. Rd3 Rc1 51. Rff3 Rc8 52. Rc3 Rd8+ 53. Ke4 f5+ 54. Ke3 Rd1 55. Rd3 Re1+ 56. Kd4 Re4+ 57. Kd5 Rb6 58. Rc3 Re1 59. Rc7+ Kg8 60. Rd3 Rf1 61. Kc5 Rb8 62. Rd4 Rf3 63. e6 Rxa3 64. Kd6 Re3 65. Kd7 Kf8 66. Rd6 Re4 67. Rxa6 Rd4+ 68. Rd6 Rxb4 69. Kc6 Rxf4 {etc.} *

[Event "CAN-op U1800"]
[Site "Sault Ste Marie CAN"]
[Date "2017.07.16"]
[Round "9.36"]
[White "Huang, Youhe"]
[Black "Wang, Kai"]
[Result "0-1"]
[WhiteElo "1448"]
[BlackElo "1679"]
[WhiteFideId "-1"]
[WhiteFideId "-1"]
[PlyCount "46"]
[GameId "2160767908344203"]
[EventDate "2017.07.08"]
[EventType "swiss"]
[EventRounds "9"]
[EventCountry "CAN"]
[SourceTitle "EXT 2022"]
[Source "ChessBase"]
[SourceDate "2021.10.06"]
[SourceVersion "1"]
[SourceVersionDate "2021.10.06"]
[SourceQuality "1"]

1. e4 c5 2. Nf3 g6 3. d4 cxd4 4. Nxd4 Nf6 5. Nc3 d6 6. Be3 a6 7. f3 b5 8. Be2 Bb7 9. O-O Nbd7 10. Qd2 Bg7 11. Bh6 O-O 12. a4 Bxh6 13. Qxh6 Qb6 14. Qe3 e5 15. Nf5 gxf5 16. Qxb6 Nxb6 17. axb5 axb5 18. exf5 b4 19. Nb5 d5 20. Nd6 Bc6 21. Ba6 Nfd7 22. Nb5 Rxa6 23. Rxa6 Bxb5 0-1

[Event "CAN-op U1800"]
[Site "Sault Ste Marie CAN"]
[Date "2017.07.16"]
[Round "9.37"]
[White "Konovalenko, Nicholas"]
[Black "Bui, Alan"]
[Result "0-1"]
[WhiteElo "1706"]
[BlackElo "1716"]
[WhiteFideId "-1"]
[WhiteFideId "-1"]
[PlyCount "52"]
[GameId "2160767908344204"]
[EventDate "2017.07.08"]
[EventType "swiss"]
[EventRounds "9"]
[EventCountry "CAN"]
[SourceTitle "hb 2017"]

1. d4 Nf6 2. c4 e6 3. Nc3 Bb4 4. Qc2 O-O 5. Nf3 b6 6. g3 Bb7 7. Bg2 d6 8. O-O Nbd7 9. a3 Bxc3 10. Qxc3 Ne4 11. Qc2 Rb8 12. b4 f5 13. Nd2 Nxd2 14. Bxd2 Bxg2 15. Kxg2 Qf6 16. e3 Rb7 17. a4 c6 18. a5 g5 19. Bc3 f4 20. exf4 gxf4 21. d5 f3+ 22. Kh1 Qh6 23. dxc6 Qh3 24. Rg1 Nf6 25. Bxf6 Rxf6 26. cxb7 Qxh2+ 0-1

[Event "CAN-op U1800"]
[Site "Sault Ste Marie CAN"]
[Date "2017.07.16"]
[Round "9.39"]
[White "Piche, Jeremie"]
[Black "Faust, Steven"]
[Result "1/2-1/2"]
[WhiteElo "1686"]
[BlackElo "1602"]
[WhiteFideId "-1"]
[WhiteFideId "-1"]
[PlyCount "52"]
[GameId "2160767908344205"]
[EventDate "2017.07.08"]
[EventType "swiss"]
[EventRounds "9"]
[EventCountry "CAN"]
[SourceTitle "hb 2017"]

1. e4 e6 2. d3 c5 3. Nf3 Nc6 4. g3 g6 5. Bg2 Bg7 6. O-O Nge7 7. Re1 d6 8. c3 O-O 9. h4 h6 10. h5 gxh5 11. Nh2 e5 12. Qxh5 Kh7 13. Nd2 Ng8 14. f4 exf4 15. gxf4 f5 16. Ndf3 Nf6 17. Qh4 Kg8 18. Bh3 fxe4 19. dxe4 Bxh3 20. Qxh3 Qe8 21. Qg2 Ne7 22. f5 Kh8 23. Bf4 Rd8 24. Rad1 Qc6 25. Nh4 Rg8 26. Rd3 Nh5 1/2-1/2

[Event "CAN-op U1800"]
[Site "Sault Ste Marie CAN"]
[Date "2017.07.16"]
[Round "9.40"]
[White "Crnilovic, Grisha"]
[Black "Belanger, Robin"]
[Result "0-1"]
[WhiteElo "1617"]
[BlackElo "1439"]
[WhiteFideId "-1"]
[WhiteFideId "-1"]
[PlyCount "46"]
[GameId "2160767908344206"]
[EventDate "2017.07.08"]
[EventType "swiss"]
[EventRounds "9"]
[EventCountry "CAN"]
[SourceTitle "hb 2017"]

1. e4 e5 2. Bc4 Nf6 3. Nf3 Nc6 4. Ng5 d5 5. exd5 Na5 6. Bb5+ c6 7. dxc6 bxc6 8. Ba4 h6 9. Nf3 e4 10. Qe2 Bc5 11. Ne5 Qd6 12. Nc4 Nxc4 13. Qxc4 Be6 14. Qe2 O-O 15. Nc3 Bg4 16. Qc4 Rfe8 17. b4 Bxb4 18. Bxc6 Bxc3 19. Bxe8 Bxa1 20. Bxf7+ Kh8 21. c3 Rc8 22. Qb3 Qd3 23. f3 exf3 0-1

[Event "CAN-op U1800"]
[Site "Sault Ste Marie CAN"]
[Date "2017.07.16"]
[Round "9.41"]
[White "Xie, Austin"]
[Black "Sharma, Vishruth"]
[Result "1-0"]
[WhiteElo "1348"]
[BlackElo "1719"]
[WhiteFideId "-1"]
[WhiteFideId "-1"]
[PlyCount "103"]
[GameId "2160767908344207"]
[EventDate "2017.07.08"]
[EventType "swiss"]
[EventRounds "9"]
[EventCountry "CAN"]
[SourceTitle "hb 2017"]

1. d4 Nf6 2. c4 g6 3. Nc3 Bg7 4. Nf3 O-O 5. e3 d6 6. e4 e5 7. d5 Nbd7 8. Bd3 Nc5 9. Bc2 a5 10. Qe2 Bd7 11. Nd2 Nh5 12. Nf1 Qh4 13. Be3 Nf4 14. Bxf4 Qxf4 15. Qe3 Qh4 16. g3 Qh3 17. f3 Qg2 18. Qf2 Qxh1 19. O-O-O Bh6+ 20. Nd2 Qxd1+ 21. Kxd1 f5 22. Qe2 fxe4 23. Ndxe4 Nxe4 24. Nxe4 b6 25. h4 Rf7 26. g4 Raf8 27. g5 Bg7 28. Nd2 Rf4 29. Qh2 Rd4 30. Be4 Bf5 31. Ke2 Bxe4 32. fxe4 Rf4 33. Qh3 Bf8 34. b3 Kg7 35. Qd7+ Rf7 36. Qe6 Be7 37. Qg4 Bf8 38. Nf3 Rf4 39. Qxf4 exf4 40. Nxd4 Be7 41. Ne6+ Kf7 42. Nxc7 Bd8 43. Ne6 Ke7 44. Nxd8 Kxd8 45. Kf3 Ke7 46. Kxf4 Kf7 47. e5 Ke7 48. exd6+ Kxd6 49. Ke4 Kd7 50. Ke5 Ke7 51. d6+ Kd7 52. Kd5 1-0

[Event "CAN-op U1800"]
[Site "Sault Ste Marie CAN"]
[Date "2017.07.16"]
[Round "9.42"]
[White "Inkpen, Wane"]
[Black "Clarke, Brian"]
[Result "0-1"]
[Annotator ",Microsoft"]
[WhiteElo "1696"]
[BlackElo "1690"]
[WhiteFideId "-1"]
[WhiteFideId "-1"]
[PlyCount "102"]
[GameId "2160767739837712"]
[EventDate "2017.07.08"]
[EventType "swiss"]
[EventRounds "9"]
[EventCountry "CAN"]
[SourceTitle "hb 2017"]

1. b3 d5 2. Bb2 Nf6 3. e3 Bf5 4. Nf3 e6 5. Be2 Nbd7 6. O-O Bd6 7. d4 c6 8. c4 h6 9. Nc3 O-O 10. cxd5 exd5 11. a4 Bb4 12. Na2 Bd6 13. b4 Re8 14. Qb3 Ne4 15. b5 Bg4 16. Rad1 Qa5 17. Bc3 Nxc3 18. Nxc3 Nf6 19. h3 Bh5 20. Bd3 Ne4 21. Nxd5 Bxf3 22. gxf3 Nd2 23. Rxd2 Qxd2 24. Rd1 Qa5 25. Nc3 Qb4 26. Qc2 cxb5 27. Rb1 Qa5 28. Rxb5 Qc7 29. Qb3 Rab8 30. Bb1 Re6 31. e4 Rg6+ 32. Kf1 Bh2 33. Ba2 Qf4 34. Ke2 Rg5 35. Nd5 Qd6 36. Rxb7 Qa6+ 37. Rb5 Rxb5 38. axb5 Qb7 39. f4 Rg1 40. Qb4 Bxf4 41. Ne7+ Kh8 42. Bd5 Qc7 43. Nc6 Bd6 44. Qa4 f6 45. Bb3 Rc1 46. Bc2 Bf4 47. Bd3 Qf7 48. Qa6 Qh5+ 49. f3 Qf7 50. Qxa7 Qxa7 51. Nxa7 Rh1 {Time.} 0-1

[Event "CAN-op U1800"]
[Site "Sault Ste Marie CAN"]
[Date "2017.07.16"]
[Round "9.43"]
[White "Sadler, Craig"]
[Black "Kilroy, Evan"]
[Result "1/2-1/2"]
[WhiteElo "1642"]
[BlackElo "1592"]
[WhiteFideId "-1"]
[WhiteFideId "-1"]
[PlyCount "57"]
[GameId "2160767908344208"]
[EventDate "2017.07.08"]
[EventType "swiss"]
[EventRounds "9"]
[EventCountry "CAN"]
[SourceTitle "hb 2017"]

1. e4 e5 2. Nc3 Nc6 3. f4 exf4 4. Nf3 Nf6 5. Bc4 Bb4 6. d3 d5 7. exd5 Nxd5 8. Bxd5 Qxd5 9. O-O Bxc3 10. bxc3 g5 11. c4 Qf5 12. d4 Be6 13. d5 O-O-O 14. Qe1 Bxd5 15. cxd5 Qxd5 16. Bb2 Rhe8 17. Qc3 g4 18. Nh4 Re3 19. Qf6 Qe5 20. Qf5+ Qxf5 21. Nxf5 Re2 22. Rf2 Rxf2 23. Kxf2 Rd2+ 24. Kg1 Rxc2 25. Bf6 Kd7 26. Nh6 Ke6 27. Bg5 f3 28. gxf3 gxf3 29. Re1+ 1/2-1/2

[Event "CAN-op U1800"]
[Site "Sault Ste Marie CAN"]
[Date "2017.07.16"]
[Round "9.44"]
[White "Toussaint, Claude"]
[Black "MacInnis, Jamie"]
[Result "1-0"]
[WhiteElo "1516"]
[BlackElo "1691"]
[WhiteFideId "-1"]
[WhiteFideId "-1"]
[PlyCount "32"]
[GameId "2160767908344209"]
[EventDate "2017.07.08"]
[EventType "swiss"]
[EventRounds "9"]
[EventCountry "CAN"]
[SourceTitle "hb 2017"]

1. e4 c5 2. Nf3 d6 3. d4 cxd4 4. Nxd4 Nf6 5. Nc3 g6 6. Be3 Bg7 7. f3 Nc6 8. Qd2 O-O 9. Bc4 Ne5 10. Bb3 Bd7 11. O-O-O Rc8 12. h4 h5 13. Bh6 Rxc3 14. Bxg7 Kxg7 15. Qxc3 Be6 16. Bxe6 fxe6 1-0